All Naruto Characters Practically Impossible - Statistics

General Stats
  • This quiz has been taken 93 times
  • The average score is 103 of 1322
Answer Stats
Answer % Correct
Mecha-Naruto
92%
H
82%
Fire Daimyō (Part I-II)
79%
Sasuke Uchiha
70%
Killer B
68%
Blue B
66%
C
66%
Obito Uchiha
64%
Itachi Uchiha
62%
Tobirama Senju
61%
Hashirama Senju
59%
Tsunade
59%
Hana Kaka
58%
Hiruzen Sarutobi
58%
58%
Might Guy
58%
Shisui Uchiha
58%
Han
57%
Rock Lee
57%
Sakura Haruno
57%
Shikamaru Nara
57%
Ao
55%
Hakubi Shin
54%
Shiin
54%
Shin
54%
53%
Kakashi Hatake
53%
Kona
53%
Miina
53%
Orochimaru
53%
Asuma Sarutobi
51%
Fugaku Uchiha
51%
Neji Hyūga
51%
Sai
51%
Temari
51%
Gaara
50%
Hinata Hyūga
50%
Nagato
50%
50%
Shikaku Nara
50%
Tenten
50%
Ino Yamanaka
49%
Kushina Uzumaki
49%
Minato Namikaze
49%
Chōji Akimichi
47%
Konohamaru Sarutobi
47%
Deidara
46%
Hanabi Hyūga
46%
Jiraiya
46%
Black Zetsu
45%
Boruto Uzumaki
45%
Hidan
45%
Sasori
45%
Haku
43%
Hizashi Hyūga
43%
Izuna Uchiha
43%
Kakuzu
43%
Kankurō
43%
Mikoto Uchiha
43%
Mito Uzumaki
43%
Sarada Uchiha
43%
Tobi (Zetsu)
43%
Zetsu
43%
Hagoromo Ōtsutsuki
42%
Hiashi Hyūga
42%
Hina
42%
Inoichi Yamanaka
42%
Kagami Uchiha
42%
Karin
42%
Metal Lee
42%
Sakumo Hatake
42%
Shikadai Nara
42%
Akamaru
41%
Chōza Akimichi
41%
Kaguya Ōtsutsuki
41%
Kurama
41%
Mecha-Kurama
41%
Murakumo Kurama
41%
Himawari Uzumaki
39%
Indra Ōtsutsuki
39%
Mo
39%
Izumi Uchiha
38%
Sen
38%
Asura Ōtsutsuki
37%
Konan
37%
Butsuma Senju
36%
Inojin Yamanaka
36%
Kiba Inuzuka
36%
Mirai Sarutobi
36%
Biwako Sarutobi
34%
Hanzō
34%
Isshiki Ōtsutsuki
34%
Might Duy
34%
Naruto Uzumaki
34%
Shino Aburame
34%
Shin Uchiha
34%
Tajima Uchiha
34%
Zabuza Momochi
34%
Baru Uchiha
33%
Chiyo
33%
Chōchō Akimichi
33%
Danzō Shimura
33%
Hamura Ōtsutsuki
33%
Jūgo
33%
Shinnō
33%
Toneri Ōtsutsuki
33%
Itama Senju
32%
Kawarama Senju
32%
Menma Uzumaki
32%
Naka Uchiha
32%
Sasuke Sarutobi
32%
Shū
32%
Son Gokū
32%
Tekka Uchiha
32%
Teyaki Uchiha
32%
Ashina Uzumaki
30%
Gennō’s Son
30%
Hazuki Uchiha
30%
Hikaku Uchiha
30%
Inabi Uchiha
30%
Kagen Uchiha
30%
Naori Uchiha
30%
Rai Uchiha
30%
Rasa
30%
Setsuna Uchiha
30%
Shukaku
30%
Taiko Uchiha
30%
Ebisu
29%
Fū Yamanaka
29%
Kinshiki Ōtsutsuki
29%
Kisame Hoshigaki
29%
Momoshiki Ōtsutsuki
29%
Shizune
29%
Tōka Senju
29%
Anko Mitarashi
28%
Daen Nara
28%
Darui
28%
Enchū Nara
28%
Ensui Nara
28%
Gama
28%
Gyūki
28%
Ōnoki
28%
Suzaku Nara
28%
Torune Aburame
28%
Gamakichi
26%
Haie
26%
Kō Hyūga
26%
26%
Samui
26%
Baki
25%
Chōbee Akimichi
25%
Chōjūrō
25%
Dōtō Akimichi
25%
Gamabunta
25%
Giant Bee
25%
Hana Inuzuka
25%
Hoheto Hyūga
25%
Iroha Hyūga
25%
Karui
25%
Mifune
25%
Natsu Hyūga
25%
Omoi
25%
Rin Nohara
25%
Shibai Ōtsutsuki
25%
Shibi Aburame
25%
Tokuma Hyūga
25%
Torifu Akimichi
25%
Tsume Inuzuka
25%
A (First Raikage)
24%
Akatsuchi
24%
Isobu
24%
Kabuto Yakushi
24%
Kasuga Nara
24%
Kizashi Haruno
24%
Kohan Yamanaka
24%
Muta Aburame
24%
Rōshi
24%
Santa Yamanaka
24%
Shitō Akimichi
24%
Suigetsu Hōzuki
24%
Aoda
22%
A (Second Raikage)
22%
A (Third Raikage)
22%
Chōmei
22%
Dan Katō
22%
Harika Aburame
22%
Hayate Gekkō
22%
Mebuki Haruno
22%
Menma Namikaze
22%
Momo
22%
Nawaki
22%
Ni
22%
Saiken
22%
Shikuro Aburame
22%
Tatsuma Aburame
22%
Tenma Izumo
22%
Tonton
22%
Yōji Aburame
22%
A (Fourth Raikage)
21%
Iruka Umino
21%
Jūzō Biwa
21%
Kurenai Yūhi
21%
Mei Terumī
21%
Pakkun
21%
Sāra
21%
Tayuya
21%
Akita Inuzuka
20%
Ibiki Morino
20%
Kawaki
20%
Kimimaro
20%
Kokuō
20%
Kurotsuchi
20%
Sakon and Ukon
20%
Ameyuri Ringo
18%
Gaku Inuzuka
18%
Mimi Inuzuka
18%
Teuchi
18%
Gengetsu Hōzuki
17%
Jirō
17%
Jirōbō
17%
Kidōmaru
17%
Dango Mitsuki
16%
Fūka
16%
Gamaken
16%
Genma Shiranui
16%
Ginkaku
16%
Kinkaku
16%
Kin Tsuchi
16%
San
16%
Shinki
16%
Tazuna
16%
Ayame
14%
Ebizō
14%
Gamamaru
14%
Mitsuki
14%
Monkey King: Enma
14%
Pakura
14%
Shima
14%
Shinko Inari
14%
Taji
14%
Third Kazekage
14%
Yūga
14%
Ashina
13%
Gamatatsu
13%
Gatō
13%
Inari
13%
Katsuyu
13%
Nonō Yakushi
13%
Rōen
13%
Teru
13%
13%
Atsui
12%
Gekkō
12%
Guren
12%
Moegi Kazamatsuri
12%
Shiba
12%
Ada
11%
Aniki (missing-nin)
11%
Aoba Yamashiro
11%
Fuguki Suikazan
11%
Fukasaku
11%
Gamahiro
11%
Idate Morino
11%
Ikkaku Umino
11%
Izumo Kamizuki
11%
Jin
11%
Jinin Akebino
11%
Karura
11%
Kohari Umino
11%
Kushimaru Kuriarare
11%
Reto
11%
Shamo
11%
Shamon
11%
Shizuma Hoshigaki
11%
Abiru
9%
Baku
9%
Bull
9%
Chōji’s Mother
9%
Delta
9%
Dosu Kinuta
9%
Hinata and Hanabi’s Mother
9%
Hiruko (missing-nin)
9%
Ino’s Mother
9%
Iō (medical-nin)
9%
Jirōchō Wasabi
9%
Karin’s Mother
9%
Koharu Utatane
9%
Mezu (missing-nin)
9%
Mizuki
9%
Sasori’s Father
9%
Ten-Tails
9%
Ahiko
8%
Code
8%
Daruma Izuno
8%
Gari
8%
Homura Mitokado
8%
Hyūga Elder
8%
Itachi’s Crow
8%
Jigen
8%
Jinpachi Munashi
8%
Kitsuchi
8%
Kuromaru
8%
Saō
8%
Sasori’s Mother
8%
Third Mizukage
8%
Tsunami
8%
Agari
7%
Amagi Izuno
7%
Arai
7%
Araya
7%
Bug
7%
Daikoku Funeno
7%
Deepa
7%
Denki Kaminarimon
7%
Earth Daimyō
7%
Ise
7%
Kabuto’s Sensei
7%
Karin Kagura
7%
Koji Kashin
7%
Kotetsu Hagane
7%
Mokume Arai
7%
Obito’s Grandmother
7%
Raidō Namiashi
7%
Raiga Kurosuki
7%
Shinku Yūhi
7%
Shira
7%
Suzume
7%
Ten-Tails (Kara)
7%
Tenzen Daikoku
7%
Three Haimaru Brothers
7%
Toroi
7%
Agara
5%
Ageha
5%
Akino
5%
Amai
5%
Ameno
5%
Ami
5%
Anato
5%
Aniki
5%
Azami
5%
Baiu
5%
Bisuke
5%
Black Shadow
5%
Boro
5%
Bunpuku
5%
Buntan Kurosuki
5%
Byakuren
5%
Calm Seas Daimyō
5%
Chen
5%
Claw Daimyō
5%
Daemon
5%
Dokku
5%
Dōshu Goetsu
5%
Eiki Fūma
5%
Ereki Kaminarimon
5%
Evil Minister of the Tea Daimyō
5%
Frost Daimyō
5%
Gamaden
5%
Gamagorō
5%
Gamariki
5%
Gamatama
5%
Gozu
5%
Gōzu
5%
Hamaki Mimura
5%
Himuka Suzukaze
5%
Hot Water Daimyō
5%
5%
Iwana Akame
5%
Iwashi Tatami
5%
Kagura Karatachi
5%
Kaiza
5%
Kakkō
5%
Katasuke Tōno
5%
Kie
5%
Kōji
5%
Kosuke Maruboshi
5%
Kumade Toriichi
5%
Kunugi Mokume
5%
Mazuma Izuno
5%
Meizu
5%
Naho
5%
Natsu
5%
Ruka
5%
Saisu Kamano
5%
Shinobu Mibu
5%
Shio
5%
Suika
5%
Suiren (Kiri)
5%
Sumire Kakei
5%
Suna Assassin Captain
5%
Tea Daimyō
5%
Tessen Togeito
5%
Tsuzumi
5%
Tsuzumi Sarugaku
5%
Yūgao Uzuki
5%
Yūki Minazuki
5%
Zaku Abumi
5%
Zero-Tails
5%
Akane
4%
Akari
4%
Akebi Sanzu
4%
Amaru
4%
Amayo
4%
Amino
4%
Aoneko
4%
Arashi
4%
Armadiko
4%
Asaka
4%
Asaki
4%
Asami
4%
Ashimaru
4%
Ashitaba
4%
Babu
4%
Baji
4%
Baku (Anbu)
4%
Bakuto
4%
Bando
4%
Bandō
4%
Bekkō
4%
Benten
4%
Chiriku
4%
Chūkaku
4%
Chūkichi
4%
Conch King
4%
Daibutsu
4%
Dangō
4%
Enko Onikuma
4%
Fang Daimyō
4%
Fuen
4%
Gamamichi
4%
Gekomatsu
4%
Gerotora
4%
Haku’s Father
4%
Haku’s Mother
4%
Hamura Ōtsutsuki Golem
4%
Hassaku Onomichi
4%
Hebiichigo
4%
Ichirōta Oniyuzu
4%
Iwabee Yuino
4%
Iwa Doctor
4%
Jin Kaminari
4%
Kage (Anbu)
4%
Kō (Anbu)
4%
Kōji (Suna)
4%
Kokage Yanagikage
4%
Kōtarō Fūma
4%
Kuen
4%
Kyohō Fuefuki
4%
Misumi Tsurugi
4%
Mukai Kohinata
4%
Ningame
4%
Nitora Take
4%
Ran
4%
Ranmaru
4%
Sabu
4%
Sajin
4%
Sajin (Genin)
4%
Sana
4%
Sari
4%
Satō
4%
Setsuna
4%
Shimon Hijiri
4%
Sora
4%
Sōsha Amino
4%
Sound Daimyō
4%
Suna Reincarnated Shinobi
4%
Tajiki
4%
Takajō Torikai
4%
Tamaki
4%
Tango
4%
Tenga
4%
Tenji
4%
Tetsu
4%
This Daimyō
4%
Tonbo Tobitake
4%
Tora (Anbu)
4%
Toroi (Genin)
4%
Toshi
4%
Ūhei
4%
Yōrō
4%
Yūra
4%
Agari Kaisen
3%
Aho Bird
3%
Aino
3%
Ajisai
3%
Akaboshi
3%
Akahoshi
3%
Akane’s Father
3%
Akemaru
3%
Akio
3%
Akkun
3%
Amachi
3%
Amado Sanzu
3%
Amagi
3%
Ameyuki
3%
Amuda
3%
Anaguma
3%
Ankorodō Shop Owner
3%
Aoi (game)
3%
Aosa
3%
Arashi Umeya
3%
Araumi Funato
3%
Awaji Unabara
3%
Azure Fang
3%
Bamboo Minister
3%
Banna
3%
Bansai
3%
Batta
3%
Buna
3%
Bunzō
3%
Chibi
3%
Chino
3%
Chiyo (princess)
3%
Curse Jutsu Master
3%
Daimaru
3%
Danjō
3%
Demonic Statue of the Outer Path
3%
Denka
3%
Disonasu
3%
Dodai
3%
Dokan
3%
Doki
3%
Don
3%
Doseki Ganryū
3%
Dōshin
3%
Dread Lion
3%
Enra
3%
First Hoshikage
3%
Futaba
3%
Garashi Tōno
3%
Garō
3%
Genbu
3%
Gennai
3%
Giant Drill-Beaked Bird
3%
Giant Eagle
3%
Giant Multi-Headed Dog
3%
Giant Rhino
3%
Gongorō Kamakura
3%
Hakui
3%
Hakui (medic)
3%
Hayama Shirakumo
3%
Hayase
3%
Heiji
3%
Hibari Kamakura
3%
Hiruko (shinobi)
3%
Hōki Taketori
3%
Ichi
3%
Inaho
3%
Kabure Tokisuki
3%
Kaede Yoshino
3%
Kae Yukiwari
3%
Kakō
3%
Kashike
3%
King
3%
Kisuke Maboroshi
3%
Kohada
3%
Komugi
3%
Koshō
3%
Kosuke
3%
Kōsuke
3%
Kumo Reincarnated Shinobi
3%
Mibuna
3%
Mijin
3%
Minoji
3%
Mozuku (Land of Calm Seas)
3%
Namida Suzumeno
3%
Nan
3%
Neon’s Mother
3%
Ōga
3%
Osuka Kamakura
3%
Otoha
3%
Otokaze
3%
Prime Minister
3%
Sabiru
3%
Sabure
3%
Sagan
3%
Sajō
3%
San’s Bird
3%
Sansho
3%
Sanshō
3%
Satetsu
3%
Saya
3%
Sayū Jōge
3%
Sazanami Senka
3%
Shibire
3%
Shion
3%
Shishio
3%
Stone Carver
3%
Stone Carver’s Assistant
3%
Suiren
3%
Tadaichi
3%
Taiseki
3%
Takamaru
3%
Takanami Senka
3%
Taku
3%
Tamae
3%
Tami
3%
Tanzō
3%
Tarō
3%
Tarui
3%
Taruto
3%
Tasuki
3%
Tayori Kuroyagi
3%
Tenzen’s Bodyguard
3%
Teo
3%
Tera
3%
Terai
3%
Terubō
3%
Tessa
3%
Tetsuru
3%
Tezutsu Mikawa
3%
Three Giant Snakes
3%
Tiger-Masked Anbu Member
3%
Tobio
3%
Tokara
3%
Toki
3%
Tomari
3%
Tomaru Minakura
3%
Tonsuke
3%
Tora
3%
Tosaka
3%
Towa
3%
Tsubaki (anime)
3%
Tsubaki (parent)
3%
Tsubute Futaba
3%
Tsuchino
3%
Tsuchinoe
3%
Tsuchinoto
3%
Tsukino’s Father
3%
Tsukune
3%
Tsukushi
3%
Tsurugi
3%
Tsuru Itoi
3%
Tsurushi Hachiya
3%
Tsuzumi (cultist)
3%
Yūkimaru
3%
Yūkimaru’s Mother
3%
Yurito
3%
Yurui
3%
Yūsuke’s Father
3%
Zaji
3%
Zōri
3%
Agira Ryūdōin
1%
Akane (Kunoichi)
1%
Akari Tatsushiro
1%
Anbu Commander
1%
Aoi Rokushō
1%
Asura Path (character)
1%
Batora Kuromori
1%
Beekeeper
1%
Benga
1%
Bird-Masked Anbu Member
1%
Boar-Masked Anbu Member
1%
Boxing Kangaroos
1%
Breeze Dancer
1%
Burami
1%
Buriko Nekoka
1%
Captain of the Ghost Ship
1%
Chamaru
1%
Chamū
1%
Chichiatsu
1%
Chikara
1%
Chishima
1%
Chiyomatsu
1%
Chōhan
1%
Chōseki
1%
Chūji
1%
Chūshin
1%
Condor
1%
Crimson Fist
1%
Cursed Warrior
1%
Daichi
1%
Daizen Matsushige
1%
Dajimu
1%
Daore Dōtonbori
1%
Datsuji
1%
Dengaku
1%
Doragu
1%
Dotō Kazahana
1%
Eagle-Masked Anbu Member
1%
Earth Prison Golem
1%
Edashi
1%
Ehō Norimaki
1%
Emi
1%
Emina
1%
Emiru
1%
En no Gyōja
1%
En Oyashiro
1%
Enzo Tenrō
1%
Faz
1%
First Animal Path (character)
1%
Former Leader of Nadeshiko Village
1%
Fubuki Kakuyoku
1%
Fudō
1%
Fugai
1%
Fuki (Land of Sound)
1%
Fuku
1%
Fusō
1%
Gameru
1%
Ganryū
1%
Gantetsu
1%
Garuda
1%
Genbu (minister)
1%
Genji
1%
Gennō
1%
Giichi
1%
Goji
1%
Gojō
1%
Guruko
1%
Hana (student)
1%
Hāto
1%
Headman’s Granddaughter
1%
Hibiki
1%
Hōshō
1%
Hotaru
1%
Ibuse
1%
Ikada Funato
1%
Inori’s Brother
1%
Iō (Bamboo Village)
1%
Iroha (Genin)
1%
Isari Funato
1%
Ishikawa
1%
Ittan
1%
Jiryū Sendō
1%
Jōmae Village Head
1%
Kagari
1%
Kagura (game)
1%
Kaji
1%
Kakuzu’s Partner
1%
Kamata
1%
Kamatari
1%
Kaneki
1%
Kanpō
1%
Karyū
1%
Kihō
1%
Kirara
1%
Kiri (ninja)
1%
Kitō
1%
Kokuyō
1%
Korobi
1%
Kōsuke (Scientist)
1%
Kōta
1%
Kozuchi
1%
Kumadori
1%
Kusushi
1%
Kyūroku Wagarashi
1%
Kyūsuke
1%
Menō
1%
Menō (ninja)
1%
Mia
1%
Midare
1%
Midori
1%
Midori (game)
1%
Migaki
1%
Minamo Funato
1%
Miru
1%
Mogusa
1%
Monga
1%
Moroi
1%
Motoi
1%
Mozuku
1%
Mozuku (criminal)
1%
Mubi
1%
Mujin
1%
Nekobaa
1%
Nekomata
1%
Nigai
1%
Nine-Tailed Naruto Clone
1%
Nue
1%
Oboro
1%
Okami
1%
Osoi
1%
Raijin
1%
Ranka
1%
Ran Sōgi
1%
Riichi
1%
Riichi (ninja)
1%
Ryōgi
1%
Ryuka Tenrō
1%
Sadoru
1%
Samidare
1%
Sāra’s Daughter
1%
Seiren Funato
1%
Sekiei
1%
Sekiei’s Partner
1%
Sekiei (spectator)
1%
Sekka
1%
Sekki
1%
Shibito Azuma
1%
Shigure
1%
Shiho
1%
Shinigami
1%
Shiore
1%
Shiro
1%
Shū (lord)
1%
Sōta
1%
Spirit Beast
1%
Suika Kannonji
1%
Sukima
1%
Sukui
1%
Sumashi
1%
Sumire (citizen)
1%
Suname
1%
Suzaku (minister)
1%
Suzumebachi
1%
Suzu Sōgi
1%
Tatewaki
1%
Team Goji Leader
1%
Tekuno Kanden
1%
Temui
1%
Tenma Funato
1%
Third Hoshikage
1%
Three-Headed Guardian Beast
1%
Tobimaru
1%
Tonika Village Head
1%
Tōu
1%
Tsubaki (game)
1%
Tsubaki Kurogane
1%
Tsuchigumo Chief
1%
Zangei
1%
Erimaki Sharo
0%
Etoro Konjiki
0%
Fox-Masked Anbu Member
0%
Fugi
0%
Fugō
0%
Fūjin
0%
Fuki
0%
Fukuemon
0%
Fukurokumaru
0%
Fukusuke Hikyakuya
0%
Fukuyokana
0%
Funamushi
0%
Funari
0%
Funato Soldier Leader
0%
Fundaru
0%
Furofuki
0%
Furui
0%
Fūta Kagetsu
0%
Futami
0%
Futsu
0%
Fuyō
0%
Gandō
0%
Ganno
0%
Gantetsu (Iwagakure)
0%
Garaga
0%
Garakuta Gang Leader
0%
Garyō
0%
Gasuka
0%
Gatai
0%
Gataro
0%
Gatekeeper
0%
Gatsu
0%
Gazeru
0%
Gengo
0%
Genie
0%
Gen Katsugi
0%
Genmai
0%
Genshō Ryūdōin
0%
Gensui Amagiri
0%
Gen’yūmaru
0%
Genzō
0%
Giant Anteater
0%
Giant Centipede
0%
Giant Clam
0%
Giant Corpse Crab
0%
Giant Crustacean
0%
Giant Insect
0%
Giant Marlin
0%
Giant Ox
0%
Giant Panda
0%
Giant Snake-Tailed Chameleon
0%
Giant Squid
0%
Ginji
0%
Gitai
0%
Gokai
0%
Gonbee
0%
Goshiki
0%
Gōshō
0%
Gosunkugi
0%
Gotta
0%
Gōza
0%
Gozu (Root)
0%
Guren (prisoner)
0%
Gyokurō Chabashira
0%
Hachidai
0%
Hagiri
0%
Haguruma
0%
Haido
0%
Hainosuke
0%
Hakkaku
0%
Hako Kuroi
0%
Hakuhyō
0%
Hakuto
0%
Hanare
0%
Hanuma
0%
Hanzaki
0%
Haori
0%
Harine
0%
Haruna
0%
Harusame
0%
Head Ninja of Kumogakure
0%
Hebihime
0%
Heki
0%
Hibachi
0%
Hibari
0%
Hidari
0%
Hidero
0%
Hikaru
0%
Hikaru Tsuki
0%
Himatsu
0%
Himeno
0%
Himeyuri
0%
Himushi
0%
Hinoe
0%
Hinoki
0%
Hinoko
0%
Hinoto
0%
Hippo Boss
0%
Hiruga
0%
Hisame
0%
Hisen
0%
Hishaku
0%
Hitode
0%
Hohozuki
0%
Hōichi
0%
Hōki (Takigakure)
0%
Hōki (Takumi)
0%
Hōki (Watari)
0%
Hokushin
0%
Hokuto
0%
Honoka
0%
Hōsei
0%
Hotarubi
0%
Hōzuki Castle’s Ninken
0%
Human Path (character)
0%
Hyō
0%
Hyōgo
0%
Hyōi Yorishiro
0%
Ibara
0%
Ibushi
0%
Ichigen
0%
Ichikishimahime
0%
Iggy
0%
Ikanago
0%
Ikkyū Madoka
0%
Inagi
0%
Inomatsu
0%
Inori
0%
Iori
0%
Isago
0%
Isago (anime)
0%
Isaribi
0%
Ishidate
0%
Isono
0%
Ittetsu
0%
Iwaji
0%
Iwa Kunoichi
0%
Iwakyō
0%
Iwana (citizen)
0%
Iwana (Otogakure)
0%
Iwato
0%
Iwazō
0%
Iyashi
0%
Jaggy
0%
Jako
0%
Jakō Ryūdōin
0%
Janmāru-Tataru
0%
Jantō
0%
Jibachi
0%
Jibiki
0%
Jiga
0%
Jigumo
0%
Jiji
0%
Jimei
0%
Jingo Kumano
0%
JJ
0%
Jōseki
0%
Jujumaru
0%
Junsai
0%
Kaede
0%
Kagari (cultist)
0%
Kageki
0%
Kagerō
0%
Kaguya Clan Patriarch
0%
Kahiko
0%
Kahyō
0%
Kail
0%
Kaito Kawanami
0%
Kajika
0%
Kajiki
0%
Kajūra
0%
Kakeru Tsuki
0%
Kakesu
0%
Kakoi
0%
Kakui
0%
Kamakiri Ikeno
0%
Kamikiri
0%
Kamira
0%
Kanabun
0%
Kanchi
0%
Kandachi
0%
Kande Inabikari
0%
Kankitsu Akitsuki
0%
Kanna
0%
Kanna (carpenter)
0%
Kanoe
0%
Kanoto
0%
Kanpu
0%
Kanyū
0%
Kaori
0%
Karai
0%
Karashi
0%
Karasuki
0%
Karenbana
0%
Kasumi
0%
Kasumi (Castle Dusk)
0%
Katara
0%
Katazu
0%
Katsura
0%
Kaya
0%
Kayo
0%
Kayui
0%
Kazabune
0%
Kazami
0%
Kazan
0%
Kazuma
0%
Kedama
0%
Kegon
0%
Keiri
0%
Kido Tsumiki
0%
Kigiri
0%
Kiiro
0%
Kiji
0%
Kiki
0%
Kiku
0%
Kikuchiyo
0%
Kikunojō
0%
Kin (actor)
0%
Kina Kodon
0%
King of Hell
0%
Kinoto
0%
Kintoki
0%
Kirisaki
0%
Kirisame
0%
Kiri (villager)
0%
Kiruru
0%
Kiseru Gankubi
0%
Kisuke’s Wife
0%
Kitane
0%
Kiyoi Yotsuki
0%
Kiyomu Fukuda
0%
Kiyoyasu Kagetsu
0%
Kobanza
0%
Kobuna
0%
Kobushi Saiki
0%
Kodaka
0%
Kodama
0%
Kokatsu
0%
Kō Kogare
0%
Kokuri
0%
Kokushi
0%
Kokuyō (puppeteer)
0%
Komachi
0%
Komame
0%
Komaza
0%
Kōmei
0%
Komichi
0%
Komitsu
0%
Komori
0%
Komushi
0%
Konashi Nerikiri
0%
Konenmaru
0%
Kongō
0%
Konoha Astronomer
0%
Kontsuchi
0%
Korega
0%
Kōrogi
0%
Kotohime
0%
Koyuki Kazahana
0%
Kōza Kubisaki
0%
Kūi Dōtonbori
0%
Kujaku
0%
Kuma Panda
0%
Kunihisa
0%
Kunijirō
0%
Kura Kageno
0%
Kurobachi
0%
Kurobane
0%
Kuroma Tatsushiro
0%
Kurozuka
0%
Kusabi
0%
Kussaku
0%
Kusuma
0%
Kusuna
0%
Kusune
0%
Kuwa Yokohori
0%
Kyodaigumo
0%
Kyōya
0%
Menma (anime)
0%
Messenger Lizard
0%
Metoro Konjiki
0%
Mezu
0%
Michiru Tsuki
0%
Michizō Manaka
0%
Michy
0%
Midnight Blade
0%
Mikazuki
0%
Mikazuki Amaashi
0%
Mikoshi
0%
Minoichi
0%
Miroku
0%
Misuno
0%
Mitate
0%
Mitoku
0%
Mitsuo
0%
Mizore Fuyukuma
0%
Mizugoke
0%
Mizunoe
0%
Mizunoto
0%
Mizura
0%
Moguranmaru
0%
Momiji
0%
Momiji (Tanzaku)
0%
Momo (ninneko)
0%
Mondai
0%
Monju
0%
Monzaemon Chikamatsu
0%
Morio
0%
Mōryō
0%
Mozu Shitakiri
0%
Mugino
0%
Mui
0%
Mujō
0%
Mukade
0%
Mukade (movie)
0%
Muku
0%
Murasame
0%
Musai
0%
Muyami
0%
Nadare Rōga
0%
Nae
0%
Nagare
0%
Namua
0%
Nanafushi
0%
Nanara
0%
Nangō
0%
Naraka Path (character)
0%
Naruto Musasabi
0%
Natori
0%
Natsuhi
0%
Nattō Itohiki
0%
Nauma
0%
Nazuna
0%
Nejiri
0%
Nemui
0%
Neon Asakusa
0%
Nerugui
0%
Nezumi Kaitō
0%
Ni’s Dogs
0%
Nishi
0%
Nishi (sensor)
0%
Nobori
0%
Noji
0%
Nonota
0%
Nowaki
0%
Nurari
0%
Nurui
0%
Ohagi
0%
Ōkei
0%
Okisuke
0%
Oko
0%
Okyō
0%
Ōmitsu
0%
Ōnami
0%
Onbu
0%
Oppo
0%
Ōtora
0%
Ōtsutsuki Clan Patriarch
0%
Ōwashi
0%
Oyone
0%
Penjira
0%
Pochi
0%
Ponta
0%
Poochie
0%
Potcha
0%
Preta Path (character)
0%
Rahyō
0%
Raimei
0%
Rainenmaru
0%
Ranke
0%
Ran (kunoichi)
0%
Rashii
0%
Reishi Kodon
0%
Reki
0%
Remon Yoimura
0%
Renga
0%
Renga Kokubō
0%
Renge Momoashi
0%
Rikumaru
0%
Rinji
0%
Rokkaku Ryūdōin
0%
Rokuro
0%
Rokusuke
0%
Ruiga
0%
Ryōkan
0%
Ryūgan
0%
Ryūki
0%
Ryūrimaru
0%
Ryūsa
0%
Ryūsui
0%
Ryūzetsu
0%
Sada
0%
Sadai
0%
Sagi
0%
Sagiri
0%
Sakanami
0%
Sakuya
0%
Samidare Amaashi
0%
Sandayū Asama
0%
Sangorō
0%
Sanzui Unabara
0%
Sarai
0%
Sasame
0%
Sasami
0%
Satori
0%
Sazanami
0%
Sazanka
0%
Scarlet Blaze
0%
Seimei
0%
Seito
0%
Senji
0%
Senta
0%
Sentoki
0%
Sēramu
0%
Shabadaba
0%
Shiba (Kusagakure)
0%
Shibuki
0%
Shigezane
0%
Shijima
0%
Shikazo
0%
Shimeji
0%
Shinayakana
0%
Shinbu
0%
Shin’emon
0%
Shinga
0%
Shinta
0%
Shirabe
0%
Shiranami
0%
Shiro (Land of Ancestors)
0%
Shiromari
0%
Shiseru
0%
Shisō
0%
Shizuka
0%
Shizuku
0%
Shizuku (Taki)
0%
Shojoji
0%
Shōseki
0%
Shun
0%
Shura
0%
Sky Ninja Executive
0%
Sōma
0%
Sora (orphan)
0%
Sōsetsu Kazahana
0%
Soul Tao
0%
Sōzu
0%
Suguro
0%
Suien
0%
Suiko
0%
Suiu
0%
Sukeza
0%
Sukune
0%
Sumaru
0%
Sumure
0%
Susuki
0%
Susuki (Land of Demons)
0%
Suzuran
0%
Tagitsuhime
0%
Tagorihime
0%
Taiki
0%
Taisa Amagiri
0%
Taizō
0%
Takishi
0%
Tamao
0%
Tanishi
0%
Tanuki Shigaraki
0%
Taruho
0%
Tatsuji
0%
Tatsumi
0%
Tatsunami
0%
Teguse
0%
Tekkan
0%
Temujin
0%
Tenma Kodon
0%
Tentō Madoka
0%
Tenzō (Iburi Clan)
0%
Tezuna
0%
Tōbei Kagetsu
0%
Todoroki
0%
Tofu
0%
Tōfū
0%
Tōjūrō
0%
Toki (Shinobazu)
0%
Tokiwa
0%
Tomaru
0%
Tonbee
0%
Tsubusa
0%
Tsukado
0%
Tsukiko Kagetsu
0%
Tsukino
0%
Tsukiyo
0%
Tsuyu
0%
Tsuzura Shitakiri
0%
Yūdachi
0%
Yurinojō
0%
Yurui (anime)
0%
Yūsuke
0%
Yūto
0%
Zaji (gambler)
0%
Zansūru
0%
Zenigoke
0%
Zenza
0%
Zōsui
0%
No matching quizzes found
Score Distribution
Percent of People with Each Score
Percentile by Number Answered
Your Score History
You have not taken this quiz